Urine soluble urokinase plasminogen activator receptor as a potential biomarker of lupus nephritis activity

There is a lack of noninvasive biomarkers to identify lupus nephritis (LN). Soluble urokinase plasminogen activator receptor (suPAR) is a sensitive biomarker of ongoing inflammation and a potential marker of podocyte dysfunction. The aim of this study was to assess urine and plasma suPAR in LN.14 sy...

Teljes leírás

Elmentve itt :
Bibliográfiai részletek
Szerzők: Burcsár Szilárd
Toldi Gergely
Kovács László
Szalay Balázs
Vásárhelyi Barna
Balog Attila
Dokumentumtípus: Cikk
Megjelent: 2021
Sorozat:BIOMARKERS 26 No. 5
Tárgyszavak:
doi:10.1080/1354750X.2021.1910343

mtmt:31957512
Online Access:http://publicatio.bibl.u-szeged.hu/23829
LEADER 02425nab a2200289 i 4500
001 publ23829
005 20220321105611.0
008 220321s2021 hu o 0|| Angol d
022 |a 1354-750X 
024 7 |a 10.1080/1354750X.2021.1910343  |2 doi 
024 7 |a 31957512  |2 mtmt 
040 |a SZTE Publicatio Repozitórium  |b hun 
041 |a Angol 
100 1 |a Burcsár Szilárd 
245 1 0 |a Urine soluble urokinase plasminogen activator receptor as a potential biomarker of lupus nephritis activity  |h [elektronikus dokumentum] /  |c  Burcsár Szilárd 
260 |c 2021 
300 |a 443-449 
490 0 |a BIOMARKERS  |v 26 No. 5 
520 3 |a There is a lack of noninvasive biomarkers to identify lupus nephritis (LN). Soluble urokinase plasminogen activator receptor (suPAR) is a sensitive biomarker of ongoing inflammation and a potential marker of podocyte dysfunction. The aim of this study was to assess urine and plasma suPAR in LN.14 systemic lupus erythematosus (SLE) patients with newly diagnosed LN, 8 active SLE patients (SLEDAI >8) without LN and 31 healthy individuals were enrolled. Urine and plasma samples were taken before the initiation of LN induction therapy, and monthly thereafter. Global and renal disease activity were defined using the SLEDAI-2K and the SLEDAI-2K renal domain score, respectively. suPAR concentrations were measured with the suPARnostic Flex ELISA assay.Urine and plasma suPAR levels were elevated in SLE patients with active LN compared with resolved LN and healthy controls. Urine suPAR levels were comparable to healthy controls in active SLE without LN. Urine and plasma suPAR levels were higher before than after the initiation of LN induction therapy. Prospective follow-up measurements also suggested that urine suPAR levels raised again in patients with a relapse of LN according to SLEDAI-2K renal domain score, whereas plasma suPAR levels did not correlate with renal disease activity.Urine suPAR is a promising LN activity biomarker, given its isolated elevation in urine in active LN and pronounced decrease with LN improvement. 
650 4 |a Általános orvostudomány 
650 4 |a Klinikai orvostan 
700 0 1 |a Toldi Gergely  |e aut 
700 0 1 |a Kovács László  |e aut 
700 0 1 |a Szalay Balázs  |e aut 
700 0 1 |a Vásárhelyi Barna  |e aut 
700 0 1 |a Balog Attila  |e aut 
856 4 0 |u http://publicatio.bibl.u-szeged.hu/23829/1/BurcsarBiomarkers2021.pdf  |z Dokumentum-elérés